000 00234nam a22000977a 4500
999 _c264583
_d264582
020 _a0395617944
100 _aWayne Grover
245 _aDolphin adventure : a true story
260 _aNew York
_bGreenwillow Books
_c1990
942 _cBK